000 00719nam a22002417a 4500
999 _c3835
_d3835
003 AR-CdUCM
008 190307b ||||| |||| 00| 0 spa d
020 _a84-8280-716-1
040 _aMUNICIPALIDAD PROVINCIAL DEL CUSCO
_cBIBLIOTECA MUNICIPAL DEL CUSCO
041 _heng.
082 _a828.82 /
_bD54
100 _aDickens, Charles
_9500
245 _aHistoria de dos ciudades /
260 _aColombia :
_bEdit.Oveja Negra,
_c1984.
300 _a318 paginas ;
_c19 cm.
505 _aContenido :Novelas Inglesas /
650 _aNovelas inglesas
_91158
650 _aHistoricas
_912339
650 _aSiglo XIX
_9971
700 _aEdit. Ramon Sopena (traducción)
_912340
942 _2ddc
_cLIBROS
945 _arjall